LIBRARY ONLINE CATALOGUE

Sams teach yourself Microsoft Excel 2000 programming in 21 days / (Record no. 89)

MARC details
000 -LEADER
fixed length control field 00620nam a22001932 4500
001 - CONTROL NUMBER
control field 0000000223
005 - DATE AND TIME OF LATEST TRANSACTION
control field 20151021151041.0
008 - FIXED-LENGTH DATA ELEMENTS--GENERAL INFORMATION
fixed length control field 070117s xx 000 0 eng d
020 ## - INTERNATIONAL STANDARD BOOK NUMBER
International Standard Book Number 8176352918 :
Terms of availability KES 2,400
040 ## - CATALOGING SOURCE
Original cataloging agency KABU
Transcribing agency KABU
100 1# - MAIN ENTRY--PERSONAL NAME
Personal name Harris, Mathew.
-- 0000148316
245 10 - TITLE STATEMENT
Title Sams teach yourself Microsoft Excel 2000 programming in 21 days /
Statement of responsibility, etc. Matthews Harris.
260 ## - PUBLICATION, DISTRIBUTION, ETC. (IMPRINT)
Place of publication, distribution, etc. New Delhi :
Name of publisher, distributor, etc. Techmedia,
Date of publication, distribution, etc. 1999.
300 ## - PHYSICAL DESCRIPTION
Extent xvii, 1145 p.
650 #0 - SUBJECT ADDED ENTRY--TOPICAL TERM
Topical term or geographic name as entry element Microsoft Excel (Computer file)
-- 0000148315
908 ## - PUT COMMAND PARAMETER (RLIN)
Put command parameter 070117
950 ## - LOCAL HOLDINGS (RLIN)
-- 1
Holdings
Withdrawn status Lost status Source of classification or shelving scheme Not for loan Home library Current library Date acquired Total Checkouts Full call number Barcode Date last seen Price effective from Koha item type
    Library of Congress Classification   Kabarak, Nakuru City Campus Kabarak, Nakuru City Campus 21/10/2015   HF5548.4 .M523H37 005481 21/10/2015 21/10/2015 General Collection